Karlík a továrna na lingvistiku : prof. Petru Karlíkovi k šedesátým narozeninám /

Other Authors: Bičan, Aleš, 1981-
Language: Czech
English
Published: Brno : Host :Masarykova univerzita, 2010
Edition: Vyd. 1.
Subjects:
Online Access: Digitalizovaný dokument
Physical Description: 496 s. : il., mapy, portréty ; 21 cm
Language note: Část. anglický text, anglická resumé
Book
Saved in:
LEADER 02133nam a2200541 a 4500
001 nkc20112167687
003 CZ PrNK
005 20110329082926.0
007 ta
008 110221s2010 xr abc f 000 0dcze
015 |a cnb002167687 
020 |a 978-80-7294-412-5  |q (Host ;  |q brož.) 
020 |a 978-80-210-5394-6  |q (Masarykova univerzita ;  |q brož.) :  |c Kč 299,00 
035 |a (OCoLC)713797737 
040 |a OLA001  |b cze 
041 0 |a cze  |a eng  |b eng 
043 |a e-xr--- 
045 |a x7y1 
072 7 |a 81  |x Lingvistika. Jazyky  |2 Konspekt  |9 11 
080 |a 81'1  |2 MRF 
080 |a 811.162.3  |2 MRF 
080 |a (437.3)  |2 MRF 
080 |a (048.8:082)  |2 MRF 
245 0 0 |a Karlík a továrna na lingvistiku :  |b prof. Petru Karlíkovi k šedesátým narozeninám /  |c Aleš Bičan ... [et al.] (editoři) 
250 |a Vyd. 1. 
260 |a Brno :  |b Host :  |b Masarykova univerzita,  |c 2010 
300 |a 496 s. :  |b il., mapy, portréty ;  |c 21 cm 
504 |a Obsahuje bibliografie a bibliografické odkazy 
546 |a Část. anglický text, anglická resumé 
600 1 7 |a Karlík, Petr,  |d 1951-  |7 jn20010310420  |2 czenas 
648 7 |a 20.-21. století  |7 ch462155  |2 czenas 
648 4 |a 1974-2010 
650 0 7 |a lingvistika  |7 ph115153  |z Česko  |y 20.-21. století  |2 czenas 
650 0 7 |a lingvistika  |7 ph115153  |2 czenas 
650 0 7 |a čeština  |7 ph135292  |2 czenas 
650 0 9 |a linguistics  |z Czechia  |y 20th-21st centuries  |2 eczenas 
650 0 9 |a linguistics  |2 eczenas 
650 0 9 |a Czech language  |2 eczenas 
655 7 |a kolektivní monografie  |7 fd501537  |2 czenas 
655 9 |a collective monographs  |2 eczenas 
700 1 |a Bičan, Aleš,  |d 1981-  |7 mzk2010553449  |4 edt 
856 4 1 |u http://www.digitalniknihovna.cz/mzk/uuid/uuid:da5a8ab0-790e-11e8-9690-005056827e51  |y Digitalizovaný dokument  |x NDK 
910 2 |a BOA001  |b 2-1264.066 
990 |a BK 
995 |a 01 
991 |b 201103  |c NOV  |j 811.162.3 KAR  |e n 
996 6 |b 2610472467  |c 2-1264.066  |l MZK  |r Sklad / do 1 hodiny  |n 6  |p p.v.  |w 001170618  |u 000010  |a 1  |e BOA001  |j MZK50  |s P 
996 7 |b 2610472468  |c 2-1264.066  |l MZK  |r Sklad / do 1 hodiny  |n 16  |p p.v.  |w 001170618  |u 000020  |a 1  |e BOA001  |j MZK50  |s A